000 01470nam a22003617a 4500
003 CHAP
005 20220329134852.0
008 971013c19611936 r 00010 d
010 _a27213
011 _a28185
035 _a32287
040 _cCHAP
082 _a621.101
_bK44
100 0 0 _aKeenan, Joseph H.
_962888
245 _aThermodynamic properties of steam, including data for the liquid and solid phases
260 _aNew York :
_bWiley,
_c1961 (c.1936)
300 _a89 p.
_b: ilus.
590 _aBATCH-UPD
_b10
_c20130110
_lUCH01
_h1127
590 _aCONVERSION
_b10
_c20130109
_lUCH01
_h1316
650 1 4 _aVapor.
_9117901
901 _aBK
942 _cLIBRO
949 _a621.101 K44
_bBC
_cLIBRO
_d33724000463105
_eLIBRO
_fc.9
_h11210
_i32287
_si
949 _a621.101 K44
_bBC
_cLIBRO
_d33724000463113
_eLIBRO
_fc.7
_i32287
_si
949 _a621.101 K44
_bBC
_cLIBRO
_d33724000463121
_eLIBRO
_fc.8
_i32287
_si
949 _a621.101 K44
_bBC
_cLIBRO
_d33724000463139
_eLIBRO
_fc.10
_h42293
_i32287
_si
949 _a621.101 K44
_bBC
_cLIBRO
_d33724000463147
_eLIBRO
_fc.5
_i32287
_si
949 _a621.101 K44
_bBC
_cLIBRO
_d33724000463154
_eLIBRO
_fc.6
_i32287
_si
949 _a621.101 K44
_bBC
_cLIBRO
_d33724000463162
_eLIBRO
_fc.4
_h31789
_i32287
_si
949 _a621.101 K44
_bBC
_cLIBRO
_d33724000463170
_eLIBRO
_fc.3
_h18561
_i32287
_si
949 _a621.101 K44
_bBC
_cLIBRO
_d33724000463188
_eLIBRO
_fc.2
_i32287
_si
949 _a621.101 K44
_bBC
_cLIBRO
_d33724000463196
_eLIBRO
_h18560
_i32287
_si
999 _c27213
_d27213